| 000 | 00769nam a22002777a 4500 | ||
|---|---|---|---|
| 003 | CHAP | ||
| 005 | 20220329134632.0 | ||
| 008 | 971013s1957 r 00010 d | ||
| 010 | _a23365 | ||
| 011 | _a24337 | ||
| 035 | _a28436 | ||
| 040 | _cCHAP | ||
| 082 |
_a516.83 _bB73 |
||
| 100 | 0 | 0 |
_aBrand, Louis. _915021 |
| 245 | _aVector analysis | ||
| 260 |
_aNew York : _bWiley, _c1957 |
||
| 300 | _a282 p. | ||
| 590 |
_aBATCH-UPD _b10 _c20130110 _lUCH01 _h0335 |
||
| 590 |
_aBATCH-UPD _b10 _c20130110 _lUCH01 _h2037 |
||
| 590 |
_aBATCH-UPD _b10 _c20130410 _lUCH01 _h0008 |
||
| 590 |
_aCONVERSION _b10 _c20130109 _lUCH01 _h1314 |
||
| 650 | 1 | 4 |
_aAnalisis vectorial. _95995 |
| 901 | _aBK | ||
| 942 | _cLIBRO | ||
| 949 |
_a516.83 B73 _bBC _cLIBRO _d33724000144689 _eLIBRO _i28436 _si |
||
| 999 |
_c23365 _d23365 |
||